000 00561cam a22002171 4500
001 sa 65004880
003 DLC
005 20260227112133.0
008 890724m19641965ii a 000 0 gujo
010 _asa 65004880
035 _a(OCoLC)20060022
040 _aDLC
_cWaU
_dDLC
042 _apremarc
050 0 0 _aPR6013.H56
_bS36
100 1 _aPurani, Ambalal Balkrishna.
245 1 0 _aSāvitrī guñjana.
260 _c[1964-65]
300 _a2 v.
_bfol. col. ill.
_c20 cm.
500 _aIn Gujarati.
600 1 0 _aGhose, Aurobindo,
_d1872-1950.
_tSavitri.
999 _c63983
_d63983